Protocol for possession claims based on rent arrears (Record no. 105968)

MARC details
000 -LEADER
fixed length control field 01254cam a2200217 4500
001 - CONTROL NUMBER
control field ##L135250
008 - FIXED-LENGTH DATA ELEMENTS--GENERAL INFORMATION
fixed length control field 061009n2006 000 0 eng u
035 ## - SYSTEM CONTROL NUMBER
System control number (Sirsi) u135250
041 0# - LANGUAGE CODE
Language code of text/sound track or separate title eng
050 04 - LIBRARY OF CONGRESS CALL NUMBER
Classification number 346.4104344 $2 18
110 2# - MAIN ENTRY--CORPORATE NAME
Corporate name or jurisdiction name as entry element Civil Justice Council
9 (RLIN) 4749
245 00 - TITLE STATEMENT
Title Protocol for possession claims based on rent arrears
260 ## - PUBLICATION, DISTRIBUTION, ETC.
Place of publication, distribution, etc. London
Name of publisher, distributor, etc. Civil Justice Council
Date of publication, distribution, etc. 2006
520 ## - SUMMARY, ETC.
Summary, etc. Aims to encourage more pre-action contact between parties to enable court time to be used effectively. The protocol has been drafted by the Civil Justice Council further to its consultation paper "Rent arrears protocol" published on 15 June 2005 (L130374). It will come into effect from 2 October 2006. Covers the aims and scope of the protocol, initial contact, after service of statutory notices, alternative dispute resolution and court proceedings.
590 ## - LOCAL NOTE (RLIN)
Local note IKA171006 NTK
650 24 - SUBJECT ADDED ENTRY--TOPICAL TERM
Topical term or geographic name entry element CJC PROTOCOL FOR POSSESSION CLAIMS BASED ON RENT ARREARS
651 #4 - SUBJECT ADDED ENTRY--GEOGRAPHIC NAME
Geographic name England and Wales
Chronological subdivision 1543-
690 ## - LOCAL SUBJECT ADDED ENTRY--TOPICAL TERM (OCLC, RLIN)
Topical term or geographic name as entry element MANAGEMENT-DISPUTE AVOIDANCE, MANAGEMENT AND RESOLUTION-DISPUTE MANAGEMENT AND RESOLUTION
856 40 - ELECTRONIC LOCATION AND ACCESS
Uniform Resource Identifier <a href="https://www.civiljusticecouncil.gov.uk/903.htm">https://www.civiljusticecouncil.gov.uk/903.htm</a>
Public note View the protocol free of charge at www.civiljusticecouncil.gov.uk...
942 ## - ADDED ENTRY ELEMENTS (KOHA)
Suppress in OPAC 0
Holdings
Withdrawn status Lost status Source of classification or shelving scheme Damaged status Not for loan Home library Current library Shelving location Date acquired Total Checkouts Full call number Barcode Date last seen Copy number Price effective from Koha item type
    Dewey Decimal Classification     Virtual Virtual Online 09/10/2006   ONLINE PUBLICATION 135250-2001 06/08/2019 1 06/08/2019 Book